[Event "Montcalm VI 2007-08"]
[Site "Quebec CAN"]
[Date "2008.04.17"]
[Round "5"]
[White "Sauve, Richard"]
[Black "Cummins, Paul"]
[Result "1/2-1/2"]
[WhiteElo "2013"]
[BlackElo "1746"]
[PlyCount "131"]
[GameId "2160767910413081"]
[EventDate "2008.03.20"]
[EventType "swiss"]
[EventRounds "5"]
[EventCountry "CAN"]
[SourceTitle "EXT 2022"]
[Source "ChessBase"]
[SourceDate "2021.10.06"]
[SourceVersion "1"]
[SourceVersionDate "2021.10.06"]
[SourceQuality "1"]

1. d4 Nf6 2. c4 e6 3. Nc3 Bb4 4. Qc2 c5 5. dxc5 Bxc5 6. Nf3 O-O 7. Bg5 Be7 8. e4 d6 9. Rd1 Qb6 10. Be2 Nbd7 11. O-O h6 12. Bh4 a6 13. a3 Qc7 14. b4 b6 15. Rc1 Bb7 16. Rfd1 Rac8 17. Nd4 Ne5 18. b5 a5 19. Bg3 Ned7 20. f3 Nc5 21. Nb3 Nxb3 22. Qxb3 Nd7 23. Na4 Nc5 24. Nxc5 Qxc5+ 25. Bf2 Qc7 26. Qe3 Qc5 27. Qxc5 bxc5 28. a4 Rfd8 29. Rd3 d5 30. exd5 exd5 31. cxd5 Rxd5 32. Rxd5 Bxd5 33. Bc4 Ba8 34. Be1 Bg5 35. Rd1 Rd8 36. Rxd8+ Bxd8 37. Kf2 Kf8 38. Ke3 Ke7 39. Bd3 Bd5 40. Bc2 Bb6 41. Kd3 g5 42. h4 f6 43. Bg3 Ke6 44. Kc3 c4 45. Bd1 f5 46. hxg5 hxg5 47. Bb8 Bc5 48. Bc7 Bb4+ 49. Kd4 c3 50. b6 Bb7 51. Bd8 Kd6 52. Bxg5 Bc5+ 53. Kxc3 Bxb6 54. Bf4+ Ke6 55. Bb3+ Kf6 56. Bd6 Bc6 57. Kc4 Ke6 58. Bf4 Kf6 59. Bc2 Ke6 60. g4 fxg4 61. fxg4 Bd8 62. Kc5 Be8 63. g5 Be7+ 64. Kb6 Bxa4 65. Bxa4 Kf5 66. Bd2 1/2-1/2

[Event "Montcalm VII 2007-08"]
[Site "Quebec CAN"]
[Date "2008.04.24"]
[Round "1"]
[White "Bourassa, Andre"]
[Black "Lemyre, Jean-Luc"]
[Result "0-1"]
[WhiteElo "1712"]
[BlackElo "1372"]
[PlyCount "60"]
[GameId "2160767910351020"]
[EventDate "2008.04.24"]
[EventType "swiss"]
[EventRounds "5"]
[EventCountry "CAN"]

1. d4 Nf6 2. c4 g6 3. Nc3 Bg7 4. e4 d6 5. Bd3 O-O 6. Nge2 c5 7. d5 Ng4 8. f4 f5 9. h3 fxe4 10. Nxe4 Nh6 11. Qc2 Nf5 12. Ng5 Nd4 13. Nxd4 Bxd4 14. Bxg6 h6 15. Bh7+ Kh8 16. Ne6 Bxe6 17. dxe6 Nc6 18. a3 Rf6 19. Bf5 d5 20. g4 dxc4 21. Qxc4 Na5 22. Qc2 Qd5 23. Rf1 Nc4 24. Qb3 Rxe6+ 25. Bxe6 Qxe6+ 26. Be3 Bxe3 27. Qxb7 Bxf4+ 28. Kf2 Qe3+ 29. Kg2 Qg3+ 30. Kh1 Qh2# 0-1

[Event "Montcalm VII 2007-08"]
[Site "Quebec CAN"]
[Date "2008.05.08"]
[Round "3"]
[White "Lamontagne, Danny"]
[Black "Bourassa, Andre"]
[Result "0-1"]
[WhiteElo "1569"]
[BlackElo "1712"]
[PlyCount "126"]
[GameId "2160767910351021"]
[EventDate "2008.04.24"]
[EventType "swiss"]
[EventRounds "5"]
[EventCountry "CAN"]

1. e4 c5 2. d4 cxd4 3. c3 dxc3 4. Nxc3 d6 5. Nf3 Nc6 6. Bc4 e6 7. Qe2 a6 8. O-O Be7 9. Rd1 Qc7 10. Bf4 Nf6 11. e5 Nh5 12. exd6 Nxf4 13. dxc7 Nxe2+ 14. Nxe2 Bf6 15. Ned4 Bd7 16. Rac1 Ke7 17. Nxc6+ Bxc6 18. Nd4 Bxd4 19. Rxd4 Rhc8 20. Bd3 Rxc7 21. Be4 Rac8 22. Rdc4 h6 23. f4 Kd6 24. Rd1+ Bd5 25. Bxd5 exd5 26. Rcd4 Rc1 27. Rxd5+ Ke7 28. Re5+ Kf6 29. Ree1 Rxd1 30. Rxd1 Kf5 31. g3 Kg4 32. Rd2 g5 33. fxg5 hxg5 34. Kg2 f6 35. h3+ Kf5 36. Kf3 Rc7 37. g4+ Ke5 38. Re2+ Kd6 39. Rd2+ Ke7 40. Re2+ Kd7 41. Rd2+ Ke7 42. Re2+ Kf7 43. Rd2 Kg6 44. Re2 Rc6 45. Re7 b6 46. Re2 f5 47. gxf5+ Kxf5 48. Rd2 Kg6 49. Kg4 Rc4+ 50. Kg3 Rb4 51. Re2 a5 52. Rd2 a4 53. Rf2 b5 54. Rd2 Re4 55. Rf2 Kh5 56. Rd2 b4 57. Kf3 Rh4 58. Kg3 Rc4 59. Re2 Rd4 60. Kf3 Rd3+ 61. Kg2 Rd1 62. Rc2 b3 63. axb3 axb3 0-1

[Event "Montcalm VII 2007-08"]
[Site "Quebec CAN"]
[Date "2008.05.08"]
[Round "3"]
[White "Lapierre, Gaetan"]
[Black "Dion, Jean-Francois"]
[Result "0-1"]
[WhiteElo "1882"]
[BlackElo "1925"]
[PlyCount "49"]
[GameId "2160767910351022"]
[EventDate "2008.04.24"]
[EventType "swiss"]
[EventRounds "5"]
[EventCountry "CAN"]

1. e4 d6 2. d4 Nf6 3. Nc3 g6 4. f4 Bg7 5. Nf3 O-O 6. Be2 c5 7. e5 Nfd7 8. exd6 exd6 9. O-O Nc6 10. dxc5 dxc5 11. Ne4 Qe7 12. Ng3 Nf6 13. c3 Be6 14. Qc2 Rad8 15. f5 Bd5 16. Bf4 Ne4 17. fxg6 fxg6 18. Ne1 Nxg3 19. Bxg3 Rxf1+ 20. Kxf1 Rf8+ 21. Bf3 Ne5 22. Bxe5 Bxe5 23. Kg1 Bc4 24. Qe4 Rf4 25. Qxb7 0-1

[Event "Montcalm VII 2007-08"]
[Site "Quebec CAN"]
[Date "2008.05.15"]
[Round "4"]
[White "Cummins, Paul"]
[Black "Dion, Jean-Francois"]
[Result "1-0"]
[WhiteElo "1764"]
[BlackElo "1925"]
[PlyCount "71"]
[GameId "2160767910351023"]
[EventDate "2008.04.24"]
[EventType "swiss"]
[EventRounds "5"]
[EventCountry "CAN"]

1. e4 d6 2. Be2 Nf6 3. Nc3 g6 4. h4 c6 5. h5 Nbd7 6. hxg6 fxg6 7. d4 e5 8. Nf3 Qc7 9. Ng5 Nb6 10. Be3 h5 11. f3 Nh7 12. Qd2 Be7 13. Nxh7 Rxh7 14. O-O-O Be6 15. d5 Bd7 16. g4 O-O-O 17. gxh5 gxh5 18. f4 cxd5 19. Bxb6 Qxb6 20. Nxd5 Qc5 21. Rxh5 Rg7 22. fxe5 Bc6 23. Qh6 Bf8 24. Qf4 Rg2 25. Nc3 Rf2 26. Qg3 Be8 27. Rh7 Bf7 28. Bg4+ Kb8 29. e6 Bg6 30. e7 Bxe7 31. Rxe7 Qg5+ 32. Kb1 Rf4 33. Rxb7+ Ka8 34. Rc7 Kb8 35. Qe3 Kxc7 36. Qxf4 1-0

[Event "Montcalm VII 2007-08"]
[Site "Quebec CAN"]
[Date "2008.05.22"]
[Round "5"]
[White "Dube, Daniel"]
[Black "Cummins, Paul"]
[Result "0-1"]
[WhiteElo "2178"]
[BlackElo "1921"]
[PlyCount "58"]
[GameId "2160767910351024"]
[EventDate "2008.04.24"]
[EventType "swiss"]
[EventRounds "5"]
[EventCountry "CAN"]

1. d4 Nf6 2. c4 e5 3. dxe5 Ne4 4. Nf3 d6 5. e3 Nc6 6. Be2 Bd7 7. Qc2 Ng5 8. a3 a5 9. exd6 Bxd6 10. Nc3 Nxf3+ 11. Bxf3 O-O 12. Bd2 Re8 13. O-O-O Qh4 14. Nb5 Nb4 15. Bxb4 Bxb5 16. cxb5 axb4 17. a4 Rab8 18. Rd4 Qf6 19. Kb1 b6 20. Be4 h6 21. h4 Bc5 22. Rd5 b3 23. Qc4 Qxf2 24. Rf5 Qxe3 25. Qxf7+ Kh8 26. Bf3 Qe1+ 27. Bd1 Qxh1 28. Rf1 Qxg2 29. Bxb3 Rf8 0-1

[Event "Montcalm op"]
[Site "Quebec CAN"]
[Date "2008.01.05"]
[Round "2"]
[White "Hamel, Emmanuel"]
[Black "Gaspariants, Vladimir"]
[Result "0-1"]
[WhiteElo "1773"]
[BlackElo "2209"]
[PlyCount "44"]
[GameId "2160767910557482"]
[EventDate "2008.01.04"]
[EventType "swiss"]
[EventRounds "5"]
[EventCountry "CAN"]
[SourceTitle "EXT 2011"]
[Source "ChessBase"]
[SourceDate "2011.11.26"]
[SourceVersion "1"]
[SourceVersionDate "2011.11.26"]
[SourceQuality "1"]

1. d4 Nf6 2. c4 d6 3. Nf3 g6 4. Nc3 Bg7 5. e4 O-O 6. Be2 e5 7. d5 Ne8 8. Bg5 f6 9. Bh4 Bh6 10. Nd2 Qd7 11. b4 a5 12. a3 axb4 13. axb4 Rxa1 14. Qxa1 Bxd2+ 15. Kxd2 Na6 16. Qb1 Qg7 17. Ke1 Qh6 18. Bg3 f5 19. f3 Nf6 20. c5 dxc5 21. Bxa6 Qe3+ 22. Ne2 bxa6 0-1

[Event "Montcalm op"]
[Site "Quebec CAN"]
[Date "2008.01.05"]
[Round "2"]
[White "Lemelin, Marc"]
[Black "Sauve, Richard"]
[Result "1/2-1/2"]
[WhiteElo "1728"]
[BlackElo "1949"]
[PlyCount "62"]
[GameId "2160767910557483"]
[EventDate "2008.01.04"]
[EventType "swiss"]
[EventRounds "5"]
[EventCountry "CAN"]
[SourceTitle "EXT 2011"]
[Source "ChessBase"]
[SourceDate "2011.11.26"]
[SourceVersion "1"]
[SourceVersionDate "2011.11.26"]
[SourceQuality "1"]

1. d4 e6 2. c4 d5 3. Nc3 c6 4. Nf3 dxc4 5. a4 Bb4 6. e3 b5 7. Ne5 Bb7 8. Bd2 a6 9. Ne4 Qe7 10. Bxb4 Qxb4+ 11. Qd2 Qe7 12. Nc5 Nf6 13. Be2 O-O 14. Qa5 Ra7 15. O-O Qd8 16. Qc3 Nfd7 17. Nexd7 Nxd7 18. Nxb7 Rxb7 19. Bf3 Qc7 20. axb5 axb5 21. b3 Nb6 22. bxc4 Nxc4 23. Ra6 Rb6 24. Rfa1 g6 25. Ra7 Qd6 26. Ra8 Rfb8 27. Be2 Rxa8 28. Rxa8+ Rb8 29. Rxb8+ Qxb8 30. Bxc4 bxc4 31. Qxc4 Qb1+ 1/2-1/2

[Event "Montcalm op"]
[Site "Quebec CAN"]
[Date "2008.01.05"]
[Round "3"]
[White "Auger, Bertrand"]
[Black "Lemelin, Marc"]
[Result "1-0"]
[WhiteElo "2032"]
[BlackElo "1728"]
[PlyCount "53"]
[GameId "2160767910557484"]
[EventDate "2008.01.04"]
[EventType "swiss"]
[EventRounds "5"]
[EventCountry "CAN"]
[SourceTitle "EXT 2011"]
[Source "ChessBase"]
[SourceDate "2011.11.26"]
[SourceVersion "1"]
[SourceVersionDate "2011.11.26"]
[SourceQuality "1"]

1. Nf3 d5 2. g3 Nf6 3. Bg2 c5 4. O-O Nc6 5. d4 e6 6. b3 Qb6 7. e3 Bd7 8. Bb2 c4 9. c3 Rc8 10. Ba3 Bxa3 11. Nxa3 cxb3 12. axb3 Na5 13. b4 Nc4 14. Nxc4 Rxc4 15. Qd2 Ne4 16. Qa2 a6 17. Ne5 Rxc3 18. Bxe4 dxe4 19. Qb2 Rc8 20. Rfc1 Ke7 21. Rc5 Bc6 22. Rac1 f6 23. Nc4 Qd8 24. Na5 Qd7 25. Qc3 Kd6 26. Nc4+ Kc7 27. b5 1-0

[Event "Montcalm op"]
[Site "Quebec CAN"]
[Date "2008.01.05"]
[Round "3"]
[White "Bluteau, Yvon"]
[Black "Hamel, Emmanuel"]
[Result "0-1"]
[WhiteElo "1826"]
[BlackElo "1773"]
[PlyCount "104"]
[GameId "2160767910557485"]
[EventDate "2008.01.04"]
[EventType "swiss"]
[EventRounds "5"]
[EventCountry "CAN"]
[SourceTitle "EXT 2011"]
[Source "ChessBase"]
[SourceDate "2011.11.26"]
[SourceVersion "1"]
[SourceVersionDate "2011.11.26"]
[SourceQuality "1"]

1. Nf3 Nf6 2. c4 c6 3. g3 d5 4. cxd5 cxd5 5. d4 Nc6 6. Bg2 Bf5 7. O-O Qb6 8. e3 e6 9. Nc3 Bd6 10. b3 O-O 11. Nh4 Bg6 12. Nxg6 hxg6 13. Bb2 a5 14. Na4 Qa6 15. Re1 b5 16. Bf1 Bb4 17. Nc3 Bxc3 18. Bxc3 Ne4 19. Bb2 Qb6 20. f3 Nd6 21. Rc1 Rac8 22. a3 f5 23. Kg2 Rf7 24. Re2 Rfc7 25. Rec2 Nb8 26. Bd3 Nd7 27. Qe2 Nc4 28. bxc4 bxc4 29. Bxf5 gxf5 30. Bc3 Ra7 31. Rb2 Qd6 32. a4 Qa3 33. Qc2 Rb8 34. Rxb8+ Nxb8 35. Ra1 Qd6 36. Qb2 Nd7 37. Rb1 Ra8 38. Qa2 Nb8 39. Rb5 Nc6 40. Rc5 Nb4 41. Qd2 Nd3 42. Bxa5 Nxc5 43. Bb4 Nb3 44. Qc3 Qa6 45. e4 Qxa4 46. exd5 exd5 47. Qe1 Qe8 48. Qb1 Qe2+ 49. Kh3 Qxf3 50. Qe1 Qh5+ 51. Kg2 Ra2+ 52. Bd2 Rxd2+ 0-1

[Event "Montcalm op"]
[Site "Quebec CAN"]
[Date "2008.01.05"]
[Round "3"]
[White "Gaspariants, Vladimir"]
[Black "Fragniere, Thierry"]
[Result "1-0"]
[WhiteElo "2209"]
[BlackElo "2102"]
[PlyCount "45"]
[GameId "2160767910557486"]
[EventDate "2008.01.04"]
[EventType "swiss"]
[EventRounds "5"]
[EventCountry "CAN"]
[SourceTitle "EXT 2011"]
[Source "ChessBase"]
[SourceDate "2011.11.26"]
[SourceVersion "1"]
[SourceVersionDate "2011.11.26"]
[SourceQuality "1"]

1. e4 e6 2. d3 d5 3. Nd2 c5 4. Ngf3 Nc6 5. g3 Nf6 6. Bg2 Bd6 7. O-O O-O 8. c3 Qc7 9. a3 a5 10. Re1 b6 11. d4 cxd4 12. cxd4 dxe4 13. Nxe4 Nxe4 14. Rxe4 Bb7 15. Rh4 f6 16. d5 Nd8 17. dxe6 Re8 18. Qd3 g6 19. Rc4 Ba6 20. Rxc7 Bxd3 21. Rd7 Rxe6 22. Bf4 Re8 23. Rxd6 1-0

[Event "Montcalm op"]
[Site "Quebec CAN"]
[Date "2008.01.06"]
[Round "4"]
[White "Auger, Bertrand"]
[Black "Gaspariants, Vladimir"]
[Result "0-1"]
[WhiteElo "2032"]
[BlackElo "2209"]
[PlyCount "58"]
[GameId "2160767910557487"]
[EventDate "2008.01.04"]
[EventType "swiss"]
[EventRounds "5"]
[EventCountry "CAN"]
[SourceTitle "EXT 2011"]
[Source "ChessBase"]
[SourceDate "2011.11.26"]
[SourceVersion "1"]
[SourceVersionDate "2011.11.26"]
[SourceQuality "1"]

1. Nf3 g6 2. g3 Bg7 3. d4 d6 4. Bg2 Nd7 5. c4 Ngf6 6. Nc3 O-O 7. O-O e5 8. d5 a5 9. Qc2 Nc5 10. Nd2 Ng4 11. Nb3 b6 12. Nxc5 bxc5 13. Bd2 f5 14. a3 e4 15. Rab1 Qe7 16. Qc1 Bd7 17. b4 cxb4 18. axb4 a4 19. h3 Ne5 20. Bg5 Qf7 21. c5 Rfb8 22. c6 Be8 23. Rd1 a3 24. Na2 Bxc6 25. dxc6 Qxa2 26. b5 Qe6 27. Bd2 a2 28. Ra1 Rxb5 29. Bc3 Rc5 0-1

[Event "Montcalm op"]
[Site "Quebec CAN"]
[Date "2008.01.06"]
[Round "4"]
[White "Papineau (Granby), Daniel"]
[Black "Sauve, Richard"]
[Result "0-1"]
[WhiteElo "2009"]
[BlackElo "1949"]
[PlyCount "92"]
[GameId "2160767910557488"]
[EventDate "2008.01.04"]
[EventType "swiss"]
[EventRounds "5"]
[EventCountry "CAN"]

1. c4 e6 2. d4 d5 3. cxd5 exd5 4. Nc3 c6 5. Qc2 Bd6 6. Nf3 Ne7 7. Bg5 f6 8. Bd2 Bf5 9. e4 dxe4 10. Nxe4 O-O 11. Bd3 Na6 12. O-O Nb4 13. Qb3+ Nbd5 14. Rfe1 Rb8 15. Bf1 Kh8 16. Rac1 Bf4 17. Qa3 Bxd2 18. Nexd2 Qd7 19. Ne4 Bg6 20. Nc5 Qc8 21. b4 a6 22. h3 Re8 23. Nh4 Bf7 24. Ne4 Qd7 25. Qg3 Rbd8 26. a3 Ng6 27. Nc5 Qc8 28. Nxg6+ Bxg6 29. Bc4 Bf7 30. Qh4 Bg8 31. Ne4 Qf5 32. Nc5 Qc8 33. Bd3 b5 34. Bg6 Rxe1+ 35. Rxe1 Nc7 36. Re7 Nd5 37. Ra7 Nc7 38. Qg3 Ne6 39. Bf5 g6 40. Bxe6 Bxe6 41. Qf4 Rf8 42. Rc7 Qe8 43. Qd6 Bd5 44. Re7 Qd8 45. Rd7 Qe8 46. Qc7 Bg8 0-1

[Event "Montcalm op"]
[Site "Quebec CAN"]
[Date "2008.01.06"]
[Round "5"]
[White "Gaspariants, Vladimir"]
[Black "Papineau (Granby), Daniel"]
[Result "1-0"]
[WhiteElo "2209"]
[BlackElo "2009"]
[PlyCount "75"]
[GameId "2160767910557489"]
[EventDate "2008.01.04"]
[EventType "swiss"]
[EventRounds "5"]
[EventCountry "CAN"]

1. e4 e5 2. Nf3 Nc6 3. Bc4 Nf6 4. d3 Bc5 5. h3 d6 6. a3 Ne7 7. Nc3 Ng6 8. Na4 Bb6 9. Nxb6 axb6 10. O-O O-O 11. Re1 Bd7 12. d4 b5 13. Bd3 c5 14. c3 h6 15. Be3 c4 16. Bc2 Qc7 17. Nh2 Qc8 18. Qf3 Qd8 19. Rad1 Nh4 20. Qe2 Ng6 21. Ng4 Nxg4 22. hxg4 Qe7 23. g3 Rfd8 24. f3 Bc6 25. d5 Bd7 26. Kg2 f6 27. Rh1 Kf7 28. Bd2 Rg8 29. Rdf1 Ke8 30. f4 Qd8 31. g5 Qe7 32. f5 Nf8 33. gxh6 gxh6 34. Rxh6 Kd8 35. Qh5 Qg7 36. Qh4 Kc7 37. Rh1 Be8 38. Rxf6 1-0

[Event "Montcalm op"]
[Site "Quebec CAN"]
[Date "2008.01.06"]
[Round "5"]
[White "Hamel, Emmanuel"]
[Black "Auger, Bertrand"]
[Result "1-0"]
[WhiteElo "1773"]
[BlackElo "2032"]
[PlyCount "102"]
[GameId "2160767910557490"]
[EventDate "2008.01.04"]
[EventType "swiss"]
[EventRounds "5"]
[EventCountry "CAN"]
[SourceTitle "EXT 2011"]
[Source "ChessBase"]
[SourceDate "2011.11.26"]
[SourceVersion "1"]
[SourceVersionDate "2011.11.26"]
[SourceQuality "1"]

1. e4 Nf6 2. Nc3 d6 3. d4 g6 4. Be2 Bg7 5. f4 O-O 6. Be3 c6 7. h3 b5 8. a3 Bb7 9. e5 Nd5 10. Nxd5 cxd5 11. Qd3 dxe5 12. fxe5 a6 13. Nf3 f6 14. O-O Nc6 15. Bf4 fxe5 16. Nxe5 Rxf4 17. Rxf4 Nxe5 18. dxe5 Bxe5 19. Rb4 Qb6+ 20. Kh1 Bc7 21. Rg4 Qd6 22. g3 e5 23. Rd1 Qc6 24. Qb3 Kg7 25. Bf3 e4 26. Bg2 Rf8 27. Rg5 Rf5 28. Rxf5 gxf5 29. Qe3 Kg6 30. h4 h6 31. Rf1 Qd6 32. Bh3 d4 33. Bxf5+ Kg7 34. Qf4 Qxf4 35. gxf4 e3+ 36. Kg1 Kf6 37. Bd3 Bd5 38. Kh2 Bc4 39. Kg3 h5 40. Kf3 Be6 41. Ke4 Bb6 42. f5 Bc8 43. Be2 Bb7+ 44. Kd3 Ke5 45. Bxh5 Bd8 46. c3 dxc3 47. bxc3 Bxh4 48. Kxe3 Bf6 49. Rd1 Bg5+ 50. Kf2 Kf6 51. Rd8 Kxf5 1-0

[Event "Montcalm-ch 2007-08"]
[Site "Quebec CAN"]
[Date "2008.04.24"]
[Round "1"]
[White "Caire, Francois"]
[Black "Lessard, Claude"]
[Result "1-0"]
[WhiteElo "2178"]
[BlackElo "1956"]
[PlyCount "129"]
[GameId "2160767910351025"]
[EventDate "2008.04.24"]
[EventType "tourn"]
[EventRounds "5"]
[EventCountry "CAN"]
[SourceTitle "EXT 2011"]
[Source "ChessBase"]
[SourceDate "2011.11.26"]
[SourceVersion "1"]
[SourceVersionDate "2011.11.26"]
[SourceQuality "1"]

1. c4 c5 2. Nc3 d6 3. g3 g6 4. Bg2 Bg7 5. e3 Nf6 6. Nge2 Nc6 7. O-O O-O 8. d4 cxd4 9. exd4 Bg4 10. h3 Bxe2 11. Nxe2 d5 12. c5 b6 13. cxb6 Qxb6 14. Rb1 e6 15. b4 Ne4 16. Be3 Nd6 17. b5 Na5 18. Bd2 Rfc8 19. a4 Rc4 20. Bb4 Nab7 21. g4 Rac8 22. Qd3 Bxd4 23. a5 Nxa5 24. Bxd6 Bxf2+ 25. Rxf2 Qxd6 26. Qf3 R8c7 27. Qf6 Qe7 28. Qe5 Qc5 29. Qf6 Qe7 30. Qa1 Rb4 31. Rxb4 Qxb4 32. Qf6 Nb7 33. Nd4 Qd6 34. Nc6 Qc5 35. Ne5 Qe7 36. Qxe7 Rxe7 37. Nc6 Rd7 38. Nxa7 Nd6 39. Ra2 Rc7 40. Bf1 Rc1 41. Kg2 e5 42. Nc6 Rb1 43. Nxe5 f5 44. gxf5 gxf5 45. Ra8+ Kg7 46. Rb8 Kf6 47. Nf3 Rb2+ 48. Kg1 Ke7 49. Rh8 Rb1 50. Rxh7+ Kd8 51. h4 Nxb5 52. Rb7 Nc3 53. Rxb1 Nxb1 54. Bd3 Nc3 55. Bxf5 Ne2+ 56. Kf2 Nf4 57. Kg3 Ne2+ 58. Kg4 Ke7 59. Kg5 Kf7 60. h5 Kg7 61. h6+ Kh8 62. Ne5 Nd4 63. Nf7+ Kg8 64. h7+ Kxf7 65. h8=Q 1-0

[Event "Montcalm-ch 2007-08"]
[Site "Quebec CAN"]
[Date "2008.04.24"]
[Round "1"]
[White "Cournoyer, Dominic"]
[Black "Caron, Sebastien"]
[Result "1-0"]
[WhiteElo "1927"]
[BlackElo "1921"]
[PlyCount "99"]
[GameId "2160767910351026"]
[EventDate "2008.04.24"]
[EventType "tourn"]
[EventRounds "5"]
[EventCountry "CAN"]
[SourceTitle "EXT 2011"]
[Source "ChessBase"]
[SourceDate "2011.11.26"]
[SourceVersion "1"]
[SourceVersionDate "2011.11.26"]
[SourceQuality "1"]

1. c4 c5 2. Nf3 Nc6 3. d4 cxd4 4. Nxd4 g6 5. Nxc6 bxc6 6. g3 Bg7 7. Nc3 Qc7 8. Bg2 Rb8 9. O-O Nf6 10. Qc2 h5 11. Bf4 d6 12. c5 e5 13. cxd6 Qxd6 14. Rfd1 Qe6 15. Be3 h4 16. Bxa7 Rb7 17. Bc5 Bf8 18. Na4 Rc7 19. Bb6 hxg3 20. hxg3 Bd6 21. Bxc7 Bxc7 22. Qxc6+ Qxc6 23. Bxc6+ Ke7 24. Rac1 Bb8 25. Nb6 Be6 26. Nd5+ Bxd5 27. Bxd5 Ng4 28. Bf3 Nh6 29. Rc5 f5 30. Rb5 e4 31. Rb7+ Kf6 32. Bg2 Ng4 33. Rdd7 Rc8 34. Bh3 Ne5 35. Rd1 Rh8 36. Bg2 Ng4 37. Rb6+ Kg5 38. e3 Rc8 39. Rb5 Kf6 40. Bf1 Ne5 41. Be2 Rc2 42. Kf1 Bc7 43. a4 Kg5 44. a5 Nf3 45. Bxf3 exf3 46. a6 Bxg3 47. fxg3 Kg4 48. Rbd5 Kxg3 49. R5d2 g5 50. Rxc2 1-0

[Event "Montcalm-ch 2007-08"]
[Site "Quebec CAN"]
[Date "2008.04.24"]
[Round "1"]
[White "Sauve, Richard"]
[Black "Auger, Bertrand"]
[Result "1-0"]
[WhiteElo "1975"]
[BlackElo "2058"]
[PlyCount "65"]
[GameId "2160767910351027"]
[EventDate "2008.04.24"]
[EventType "tourn"]
[EventRounds "5"]
[EventCountry "CAN"]
[SourceTitle "EXT 2011"]
[Source "ChessBase"]
[SourceDate "2011.11.26"]
[SourceVersion "1"]
[SourceVersionDate "2011.11.26"]
[SourceQuality "1"]

1. d4 d5 2. c4 dxc4 3. Nf3 Nf6 4. e3 e6 5. Bxc4 Be7 6. O-O O-O 7. Nc3 c6 8. Qe2 Nbd7 9. Rd1 Qc7 10. e4 Re8 11. Bg5 Nf8 12. Rac1 Ng6 13. e5 Nd7 14. Ne4 Bf8 15. h4 h6 16. Be3 Nb6 17. h5 Ne7 18. Bxh6 Nxc4 19. Qxc4 Rd8 20. Bg5 Qd7 21. Qd3 Qc7 22. Bh4 Rd5 23. Neg5 Nf5 24. g4 f6 25. Nxe6 Bxe6 26. gxf5 Bf7 27. Qe4 Rad8 28. h6 Bh5 29. exf6 gxf6 30. Bxf6 Bxh6 31. Rc3 Qd7 32. Bxd8 Bxf3 33. Rxf3 1-0

[Event "Montcalm-ch 2007-08"]
[Site "Quebec CAN"]
[Date "2008.05.01"]
[Round "2"]
[White "Caire, Francois"]
[Black "Cournoyer, Dominic"]
[Result "1-0"]
[WhiteElo "2178"]
[BlackElo "1927"]
[PlyCount "119"]
[GameId "2160767910351028"]
[EventDate "2008.04.24"]
[EventType "tourn"]
[EventRounds "5"]
[EventCountry "CAN"]
[SourceTitle "EXT 2011"]
[Source "ChessBase"]
[SourceDate "2011.11.26"]
[SourceVersion "1"]
[SourceVersionDate "2011.11.26"]
[SourceQuality "1"]

1. d4 d5 2. Nf3 Nf6 3. c4 c6 4. Nc3 g6 5. cxd5 cxd5 6. Bf4 a6 7. e3 Nc6 8. Bd3 Bg7 9. O-O Nh5 10. Bg5 O-O 11. Rc1 Be6 12. Na4 Nf6 13. Nc5 Bc8 14. Qa4 Nd7 15. b4 Nb6 16. Qb3 Qd6 17. Rfd1 f6 18. Bh4 Kh8 19. Bg3 e5 20. dxe5 fxe5 21. Be4 Qe7 22. Bxd5 Nxd5 23. Rxd5 b6 24. Ne4 Qxb4 25. Rxc6 Qxe4 26. Rxb6 Be6 27. Rxe5 Qxe5 28. Bxe5 Bxb3 29. Bxg7+ Kxg7 30. axb3 Rfc8 31. g3 Rc2 32. h4 Rb2 33. Rb7+ Kg8 34. Ng5 Rf8 35. Ne4 a5 36. g4 a4 37. g5 a3 38. Ra7 Rxb3 39. Nf6+ Rxf6 40. gxf6 Rb6 41. Rxa3 Rxf6 42. Kg2 h5 43. Ra7 Rb6 44. Kg3 Rb1 45. f3 Rb4 46. e4 Rb5 47. Kf4 Kf8 48. Rd7 Rc5 49. Ra7 Rb5 50. Rd7 Rc5 51. Rd5 Rc7 52. Kg5 Kg7 53. f4 Rc6 54. e5 Kf7 55. Rd7+ Ke6 56. Rd6+ Rxd6 57. exd6 Kxd6 58. Kxg6 Ke6 59. f5+ Ke7 60. Kg7 1-0

[Event "Montcalm-ch 2007-08"]
[Site "Quebec CAN"]
[Date "2008.05.01"]
[Round "2"]
[White "Caron, Sebastien"]
[Black "Sauve, Richard"]
[Result "0-1"]
[WhiteElo "1921"]
[BlackElo "1975"]
[PlyCount "103"]
[GameId "2160767910351029"]
[EventDate "2008.04.24"]
[EventType "tourn"]
[EventRounds "5"]
[EventCountry "CAN"]
[SourceTitle "EXT 2011"]
[Source "ChessBase"]
[SourceDate "2011.11.26"]
[SourceVersion "1"]
[SourceVersionDate "2011.11.26"]
[SourceQuality "1"]

1. e4 e6 2. d4 d5 3. Nc3 Nf6 4. Bg5 Bb4 5. e5 h6 6. Bd2 Bxc3 7. bxc3 Ne4 8. Qg4 g6 9. Bd3 Nxd2 10. Kxd2 c5 11. Nf3 Qa5 12. Rhb1 cxd4 13. Nxd4 Nc6 14. Qf4 Nxd4 15. Qxd4 Qc7 16. Rb4 Bd7 17. Rab1 Bc6 18. Qf4 O-O-O 19. Qd4 Kb8 20. Qc5 Rd7 21. a4 Rc8 22. f4 g5 23. g3 gxf4 24. gxf4 Rg8 25. Qf2 d4 26. Rg1 dxc3+ 27. Kxc3 Bxa4+ 28. Rc4 Qa5+ 29. Kb2 Rxg1 30. Qxg1 Rxd3 31. cxd3 Qd2+ 32. Ka1 Qa5 33. Qg8+ Be8+ 34. Kb2 Qb5+ 35. Kc3 a5 36. Qf8 a4 37. Qd6+ Ka7 38. Qc5+ Qxc5 39. Rxc5 Bc6 40. Kb4 Kb6 41. Ra5 Kc7 42. Ra8 h5 43. Rh8 Bf3 44. Kxa4 Kc6 45. Kb4 Be2 46. Rd8 Kc7 47. Rd6 f6 48. Rxe6 fxe5 49. Rxe5 Bxd3 50. Rxh5 Kd6 51. Re5 b5 52. h4 0-1

[Event "Montcalm-ch 2007-08"]
[Site "Quebec CAN"]
[Date "2008.05.01"]
[Round "2"]
[White "Lessard, Claude"]
[Black "Auger, Bertrand"]
[Result "0-1"]
[WhiteElo "1956"]
[BlackElo "2058"]
[PlyCount "60"]
[GameId "2160767910351030"]
[EventDate "2008.04.24"]
[EventType "tourn"]
[EventRounds "5"]
[EventCountry "CAN"]
[SourceTitle "EXT 2011"]
[Source "ChessBase"]
[SourceDate "2011.11.26"]
[SourceVersion "1"]
[SourceVersionDate "2011.11.26"]
[SourceQuality "1"]

1. d4 d5 2. c4 dxc4 3. e4 Nf6 4. Nc3 e5 5. d5 c6 6. Bg5 Bb4 7. Nf3 Qa5 8. Bxf6 gxf6 9. Bxc4 Bxc3+ 10. bxc3 Qxc3+ 11. Nd2 Rg8 12. Rc1 Qd4 13. dxc6 Nxc6 14. O-O Bg4 15. Qb3 Qd7 16. Kh1 Be6 17. Bd5 Bxd5 18. exd5 Nd4 19. Qc4 Rd8 20. Ne4 Rg6 21. Nc3 Qg4 22. Rg1 Rh6 23. Rge1 Rxh2+ 24. Kxh2 Nf3+ 25. gxf3 Qxc4 26. Ne4 Qa6 27. Rg1 Rxd5 28. Rg8+ Kd7 29. Rg7 f5 30. Ng5 Qh6+ 0-1